|
|
|
|
| LEADER |
00000nam a22000007a 4500 |
| 005 |
20210506004850.0 |
| 007 |
cr|||| |||| |
| 008 |
210506s2018 co |||||s|||| 00||0 spa d |
| 020 |
|
|
|a 978-958-774-615-0
|
| 035 |
|
|
|a 33259
|
| 040 |
|
|
|a vLex
|
| 090 |
|
|
|c 11620
|d 11620
|
| 100 |
1 |
|
|a Nogueira Dobarro, ℓngel
|
| 245 |
1 |
0 |
|a Universidad y edicin̤
|h [Recurso electrn̤ico] :
|b Conocimiento y sociedad /
|c ℓngel Nogueira Dobarro
|
| 256 |
|
|
|a Servicio en ln̕ea
|
| 260 |
|
|
|a Bogot:̀
|b Siglo del Hombre Editores,
|c 2018
|
| 300 |
|
|
|a 1 recurso electrn̤ico
|
| 500 |
|
|
|a Este libro cuestiona la crisis de la produccin̤ y la divulgacin̤ editorial desde el escenario donde se genera, construye y deconstruye el conocimiento: la universidad. En los textos se controvierten las labores que cada actor de la cultura editorial ejerce, pasando por el investigador, el creativo, el lector, y principalmente el editor universitario, quien tiene el doble compromiso de fomentar la produccin̤ y socializacin̤ del conocimiento, adems̀ de persistir en la bs︢queda de condiciones de distribucin̤, comercializacin̤ y visibilizacin̤ del producto editorial en el campo de las nuevas tecnologa̕s en la era de la informacin̤.
|
| 506 |
1 |
|
|a Disponible solo en los productos indicados
|d vLex Global
|d vLex Global (Academic Edition, excluding Law Schools)
|d vLex Global (U.S. Academic Edition, Law Schools)
|d vLex Global (U.S. Academic Edition, excluding Law Schools)
|d vLex Global (Academic Edition, Law Schools)
|
| 650 |
0 |
4 |
|a Literatura
|z Colombia
|
| 740 |
0 |
|
|a vLex Libros (Servicio en ln̕ea)
|
| 856 |
4 |
0 |
|u https://vlex.com/source/universidad-y-edicion-conocimiento-y-sociedad-33259
|z Acceso restringido
|
| 942 |
|
|
|c BOOK
|
| 999 |
0 |
|
|a Literature
|